000 00237nam a2200097Ia 4500
001 754550
005 20250826164742.0
008 250824s9999 xx 000 0 und d
245 0 _aMÜHRÜ KALP
_cSEZGİN IRMAK
260 _bPORTAKAL YAYINLARI
999 _c754550
_d754550